| 000 | 01925nam a2200313 a 4500 | ||
|---|---|---|---|
| 001 | BRCA_4976 | ||
| 005 | 20190320204902.0 | ||
| 008 | 271010s1710----mx-######v---#000-0#spa-# | ||
| 041 | _aspa | ||
| 044 | _amx | ||
| 084 |
_aDOC63 _b.F45 _c1710 |
||
| 100 | 1 |
_aFernández de la Cueva Henríquez, Francisco, _cDuque de Alburquerque, _d1666-1724 _912665 |
|
| 245 | 1 | 0 |
_aDocumento firmado por el Virrey Francisco Fernández de la Cueva Henríquez _cFrancisco Fernández de la Cueva Henríquez. |
| 260 |
_aMéxico _c1710 |
||
| 300 |
_a[4] fojas sueltas _c30 x 21 cm. |
||
| 500 | _aDocumento firmado el 22 de agosto de 1710. | ||
| 500 | _aDocumento en el cual Don Francisco Fernández de la Cueva Henríquez, Duque de Albuquerque, en obedecimiento de las Reales Cédulas dadas en Madrid el 27 de mayo y 19 de noviembre de 1709 y con voto consultivo del Real Acuerdo mandada a los Jueces Oficiales de la Real Hacienda y Casa de la Ciudad de México, se recaude el alimento de los años que se expresan , en las personas que gozan sueldos y encomiendas exceptuando a los militares y se remitan a esta Real Caja a razón de un 10%. | ||
| 500 | _aContiene dos sellos con el escudo de la casa de Borbòn y el lema: ´SELLO QUARTO. UN QUARTILLO. ANOS DE MIL SETECIENTOS Y DOS Y SETECIENTOS Y TRES´. | ||
| 500 | _aEl documento contiene la leyenda DOC. #63. | ||
| 500 | _aPapel con marca de agua. | ||
| 500 | _aEstado de conservación: se encuentran parcialmente separadas las fojas. | ||
| 506 | 0 | _aFondo Reservado. Para su consulta es necesario credencial de usuario y carta de motivos. | |
| 546 | _aTexto en : español de principios del siglo XVIII | ||
| 600 | 1 | 4 |
_aFernández de la Cueva Henríquez, Francisco, _cDuque de Alburquerque, _d1666-1724 _xHistoria _912666 |
| 610 | 2 | 4 |
_aDocumentos legales _vImpreso _xHistoria _912667 |
| 651 | 4 |
_aMéxico _vHistoria _yColonia, 1521-1821 _912668 |
|
| 902 | _aFDH | ||
| 942 |
_2lcc _cD |
||
| 999 |
_c4670 _d4670 |
||